000
00272nam a22001217a 4500
020
_a
0-534-06204-0
082
_a
621.4022 JAN
100
_a
JANNA WILLIAM S'
_9
25784
245
_a
ENGINEERING HEAT TRANSFER
260
_a
BOSTON
_b
PWS
_c
1986
300
_a
769P
942
_c
BK
999
_c
584282
_d
584282